[Event "Moscow Rapid-ch 2018"]
[Site "Moscow"]
[Date "2018.12.08"]
[Round "4"]
[White "Vasilevich, Irina"]
[Black "Paramzina, Anastasya"]
[Result "1/2-1/2"]
[WhiteElo "2258"]
[BlackElo "2229"]
[Annotator "NA"]
[PlyCount "136"]
[EventDate "2018.12.08"]
[EventType "swiss"]
[EventCountry "RUS"]
[SourceTitle "playchess.com"]
[Source "ChessBase"]
[SourceQuality "1"]
[TimeControl "900+10"]

1. c4 {[%emt 0:00:00]} Nf6 {[%emt 0:00:00]} 2. Nc3 {[%emt 0:00:00]} g6 {[%emt 0:00:02]} 3. g3 {[%emt 0:00:02]} c5 {[%emt 0:00:03]} 4. Bg2 {[%emt 0:00:05]} Bg7 {[%emt 0:00:04]} 5. e4 {[%emt 0:00:25]} Nc6 {[%emt 0:00:10]} 6. Nge2 {[%emt 0:00:03]} e5 {[%emt 0:00:56]} 7. d3 {[%emt 0:00:20]} d6 {[%emt 0:00:14]} 8. a3 {[%emt 0:00:14]} O-O {[%emt 0:00:17]} 9. Rb1 {[%emt 0:00:04]} a5 {[%emt 0:00:02]} 10. O-O {[%emt 0:00:13]} Be6 {[%emt 0:01:22]} 11. f4 {[%emt 0:01:59]} Nd4 {[%emt 0:01:08]} 12. f5 {[%emt 0:02:01]} gxf5 {[%emt 0:01:12]} 13. Nxd4 {[%emt 0:01:28]} cxd4 {[%emt 0:00:43]} 14. exf5 {[%emt 0:00:04]} dxc3 {[%emt 0:00:05]} 15. fxe6 {[%emt 0:00:03]} Qb6+ {[%emt 0:00:23]} 16. Kh1 {[%emt 0:00:54]} fxe6 {[%emt 0:00:11]} 17. Bg5 {[%emt 0:05:17]} cxb2 {[%emt 0:05:24]} 18. Qe2 {[%emt 0:00:06]} Qd4 {[%emt 0:00:28]} 19. Be3 {[%emt 0:02:04]} Qc3 {[%emt 0:01:06]} 20. Rxb2 {[%emt 0:00:06]} e4 {[%emt 0:00:11]} 21. Rxb7 {[%emt 0:02:13]} exd3 {[%emt 0:00:41]} 22. Qd1 {[%emt 0:00:11]} Qxc4 {[%emt 0:00:50]} 23. Bg5 {[%emt 0:00:22]} Ne4 {[%emt 0:00:42]} 24. Bf4 {[%emt 0:00:35]} e5 {[%emt 0:00:15]} 25. Qg4 {[%emt 0:00:00]} Rf7 {[%emt 0:01:09]} 26. Rxf7 {[%emt 0:00:00]} Qxf7 {[%emt 0:00:32]} 27. Bxe4 {[%emt 0:00:00]} Rf8 {[%emt 0:00:16]} 28. Qf3 {[%emt 0:00:13]} Kh8 {[%emt 0:00:14]} 29. Be3 {[%emt 0:00:24]} Qc4 {[%emt 0:00:14]} 30. Bf5 {[%emt 0:00:05]} d2 {[%emt 0:00:24]} 31. Rd1 {[%emt 0:00:07]} Qb3 {[%emt 0:00:22]} 32. g4 {[%emt 0:00:23]} Bh6 {[%emt 0:00:05]} 33. Rxd2 {[%emt 0:00:14]} Bxe3 {[%emt 0:00:10]} 34. Rxd6 {[%emt 0:00:03]} Qxa3 {[%emt 0:00:10]} 35. Rd3 {[%emt 0:00:12]} Qc1+ {[%emt 0:00:07]} 36. Rd1 {[%emt 0:00:02]} Qc5 {[%emt 0:00:03]} 37. Qe4 {[%emt 0:00:14]} Bf4 {[%emt 0:00:07]} 38. Bxh7 {[%emt 0:00:12]} Qf2 {[%emt 0:00:03]} 39. Qg2 {[%emt 0:00:15]} Qxg2+ {[%emt 0:00:02]} 40. Kxg2 {[%emt 0:00:01]} Kxh7 {[%emt 0:00:02]} 41. Rd7+ {[%emt 0:00:14]} Kg6 {[%emt 0:00:01]} 42. Ra7 {[%emt 0:00:01]} Rd8 {[%emt 0:00:08]} 43. h4 {[%emt 0:00:17]} Rd2+ {[%emt 0:00:09]} 44. Kf3 {[%emt 0:00:01]} Rd3+ {[%emt 0:00:05]} 45. Ke4 {[%emt 0:00:01]} Rd4+ {[%emt 0:00:23]} 46. Kf3 {[%emt 0:00:02]} Rd3+ {[%emt 0:00:04]} 47. Ke4 {[%emt 0:00:01]} Re3+ {[%emt 0:00:03]} 48. Kd5 {[%emt 0:00:01]} Rg3 {[%emt 0:00:12]} 49. Ra6+ {[%emt 0:00:46]} Kg7 {[%emt 0:00:13]} 50. Ra7+ {[%emt 0:00:01]} Kf6 {[%emt 0:00:13]} 51. Ra6+ {[%emt 0:00:01]} Ke7 {[%emt 0:00:03]} 52. Ra7+ {[%emt 0:00:01]} Kd8 {[%emt 0:00:06]} 53. g5 {[%emt 0:00:20]} a4 {[%emt 0:00:06]} 54. Rxa4 {[%emt 0:00:05]} Rh3 {[%emt 0:00:10]} 55. Ra8+ {[%emt 0:00:10]} Ke7 {[%emt 0:00:12]} 56. Ra7+ {[%emt 0:00:30]} Kf8 {[%emt 0:00:08]} 57. Rh7 {[%emt 0:00:03]} Kg8 {[%emt 0:00:07]} 58. g6 {[%emt 0:00:03]} Rd3+ {[%emt 0:00:21]} 59. Ke4 {[%emt 0:00:14]} Rd8 {[%emt 0:00:11]} 60. h5 {[%emt 0:00:13]} Re8 {[%emt 0:00:15]} 61. Rb7 {[%emt 0:00:22]} Rd8 {[%emt 0:00:13]} 62. Rf7 {[%emt 0:00:14]} Re8 {[%emt 0:00:03]} 63. Rb7 {[%emt 0:00:01]} Bh6 {[%emt 0:00:10]} 64. Ra7 {[%emt 0:00:19]} Re6 {[%emt 0:00:34]} 65. Ra8+ {[%emt 0:00:06]} Kg7 {[%emt 0:00:06]} 66. Ra7+ {[%emt 0:00:08]} Kg8 {[%emt 0:00:02]} 67. Ra8+ {[%emt 0:00:05]} Kg7 {[%emt 0:00:04]} 68. Ra7+ {[%emt 0:00:03]} Kg8 {[%emt 0:00:25]} 1/2-1/2

[Event "Moscow Rapid-ch 2018"]
[Site "Moscow"]
[Date "2018.12.08"]
[Round "4"]
[White "Diakonova, Ekaterina"]
[Black "Chasovnikova, Eugenia"]
[Result "0-1"]
[WhiteElo "2225"]
[BlackElo "2201"]
[Annotator "NA"]
[PlyCount "64"]
[EventDate "2018.12.08"]
[EventType "swiss"]
[EventCountry "RUS"]
[SourceTitle "playchess.com"]
[Source "ChessBase"]
[SourceQuality "1"]
[TimeControl "900+10"]

1. e4 {[%emt 0:00:00]} c5 {[%emt 0:00:00]} 2. Nf3 {[%emt 0:00:00]} Nc6 {[%emt 0:00:00]} 3. Bb5 {[%emt 0:00:00]} g6 {[%emt 0:00:02]} 4. O-O {[%emt 0:00:00]} Bg7 {[%emt 0:00:01]} 5. Re1 {[%emt 0:00:00]} e5 {[%emt 0:00:26]} 6. Nc3 {[%emt 0:02:39]} Nge7 {[%emt 0:00:03]} 7. Nd5 {[%emt 0:00:04]} O-O {[%emt 0:00:59]} 8. d3 {[%emt 0:00:31]} Nxd5 {[%emt 0:01:25]} 9. exd5 {[%emt 0:00:02]} Nd4 {[%emt 0:00:02]} 10. c4 {[%emt 0:02:30]} Nxb5 {[%emt 0:01:34]} 11. cxb5 {[%emt 0:00:01]} d6 {[%emt 0:00:02]} 12. Nd2 {[%emt 0:00:51]} b6 {[%emt 0:00:15]} 13. a4 {[%emt 0:03:09]} f5 {[%emt 0:00:33]} 14. a5 {[%emt 0:00:15]} bxa5 {[%emt 0:00:17]} 15. Qb3 {[%emt 0:00:41]} Bb7 {[%emt 0:02:36]} 16. Qc4 {[%emt 0:00:04]} a6 {[%emt 0:00:29]} 17. b6 {[%emt 0:00:01]} Qxb6 {[%emt 0:00:06]} 18. Nb3 {[%emt 0:00:01]} a4 {[%emt 0:01:15]} 19. Rxa4 {[%emt 0:00:10]} a5 {[%emt 0:00:02]} 20. Bd2 {[%emt 0:02:54]} Ba6 {[%emt 0:00:01]} 21. Qc2 {[%emt 0:00:01]} e4 {[%emt 0:01:42]} 22. dxe4 {[%emt 0:00:55]} fxe4 {[%emt 0:01:42]} 23. Bxa5 {[%emt 0:01:25]} Qb5 {[%emt 0:02:22]} 24. Ra2 {[%emt 0:01:11]} e3 {[%emt 0:00:31]} 25. f3 {[%emt 0:00:19]} c4 {[%emt 0:00:05]} 26. Nc1 {[%emt 0:00:31]} Qxd5 {[%emt 0:00:21]} 27. Ne2 {[%emt 0:00:19]} Qd3 {[%emt 0:01:01]} 28. Rc1 {[%emt 0:00:28]} d5 {[%emt 0:00:15]} 29. Bb6 {[%emt 0:00:10]} d4 {[%emt 0:00:24]} 30. Nxd4 {[%emt 0:00:29]} Bxd4 {[%emt 0:00:29]} 31. Bxd4 {[%emt 0:00:05]} Qxd4 {[%emt 0:00:09]} 32. Rd1 {[%emt 0:00:01]} e2+ {[%emt 0:00:22]} 0-1

[Event "Moscow Rapid-ch 2018"]
[Site "Moscow"]
[Date "2018.12.08"]
[Round "4"]
[White "Strutinskaia, Galina"]
[Black "Kanevskaya, Anna"]
[Result "1/2-1/2"]
[WhiteElo "2201"]
[BlackElo "2105"]
[Annotator "NA"]
[PlyCount "67"]
[EventDate "2018.12.08"]
[EventType "swiss"]
[EventCountry "RUS"]
[SourceTitle "playchess.com"]
[Source "ChessBase"]
[SourceQuality "1"]
[TimeControl "900+10"]

1. b3 {[%emt 0:00:00]} a5 {[%emt 0:00:00]} 2. f4 {[%emt 0:00:23]} a4 {[%emt 0:00:05]} 3. Bb2 {[%emt 0:00:18]} e6 {[%emt 0:00:26]} 4. Nf3 {[%emt 0:00:13]} d5 {[%emt 0:00:21]} 5. e3 {[%emt 0:00:26]} Nf6 {[%emt 0:00:09]} 6. bxa4 {[%emt 0:00:22]} Ne4 {[%emt 0:00:36]} 7. Nc3 {[%emt 0:00:27]} Nc5 {[%emt 0:01:28]} 8. Bb5+ {[%emt 0:00:48]} c6 {[%emt 0:00:07]} 9. Be2 {[%emt 0:00:02]} Be7 {[%emt 0:01:09]} 10. O-O {[%emt 0:00:22]} O-O {[%emt 0:00:19]} 11. Ne5 {[%emt 0:01:34]} f6 {[%emt 0:00:08]} 12. Nd3 {[%emt 0:00:02]} Nxa4 {[%emt 0:00:16]} 13. Nxa4 {[%emt 0:00:04]} Rxa4 {[%emt 0:00:01]} 14. Qe1 {[%emt 0:00:48]} c5 {[%emt 0:01:09]} 15. Qg3 {[%emt 0:01:03]} Nc6 {[%emt 0:00:33]} 16. Nf2 {[%emt 0:00:08]} Qb6 {[%emt 0:00:29]} 17. Rab1 {[%emt 0:00:10]} Qc7 {[%emt 0:00:35]} 18. a3 {[%emt 0:00:24]} c4 {[%emt 0:00:34]} 19. h4 {[%emt 0:00:54]} Bxa3 {[%emt 0:00:28]} 20. Bxa3 {[%emt 0:03:49]} Rxa3 {[%emt 0:00:02]} 21. h5 {[%emt 0:00:00]} Ne7 {[%emt 0:01:01]} 22. c3 {[%emt 0:00:51]} Ra2 {[%emt 0:00:28]} 23. Rbd1 {[%emt 0:00:11]} Bd7 {[%emt 0:00:10]} 24. Bg4 {[%emt 0:00:12]} f5 {[%emt 0:01:03]} 25. Bf3 {[%emt 0:00:01]} h6 {[%emt 0:01:02]} 26. Qh4 {[%emt 0:00:06]} Qd8 {[%emt 0:00:18]} 27. g4 {[%emt 0:00:12]} fxg4 {[%emt 0:00:14]} 28. Bxg4 {[%emt 0:00:03]} Nf5 {[%emt 0:00:10]} 29. Qh3 {[%emt 0:00:01]} Bc6 {[%emt 0:00:45]} 30. Nh1 {[%emt 0:00:44]} Qf6 {[%emt 0:00:58]} 31. Rf2 {[%emt 0:00:35]} Ba4 {[%emt 0:00:18]} 32. Rb1 {[%emt 0:00:44]} Rf7 {[%emt 0:01:22]} 33. Ng3 {[%emt 0:00:33]} Bc2 {[%emt 0:00:21]} 34. Bxf5 {[%emt 0:00:02]} 1/2-1/2

[Event "Moscow Rapid-ch 2018"]
[Site "Moscow"]
[Date "2018.12.08"]
[Round "4"]
[White "Chudinovskikh, Alexander M"]
[Black "Pavlov, Danila"]
[Result "1-0"]
[WhiteElo "2184"]
[BlackElo "2323"]
[Annotator "NA"]
[PlyCount "51"]
[EventDate "2018.12.08"]
[EventType "swiss"]
[EventCountry "RUS"]
[SourceTitle "playchess.com"]
[Source "ChessBase"]
[SourceQuality "1"]
[TimeControl "900+10"]

1. e4 {[%emt 0:00:00]} e6 {[%emt 0:00:00]} 2. d4 {[%emt 0:00:00]} d5 {[%emt 0:00:00]} 3. exd5 exd5 {[%emt 0:00:00]} 4. Nf3 {[%emt 0:00:00]} Bd6 {[%emt 0:00:00]} 5. c4 {[%emt 0:00:00]} dxc4 {[%emt 0:00:00]} 6. Bxc4 {[%emt 0:00:00]} Nf6 {[%emt 0:00:01]} 7. O-O {[%emt 0:00:07]} O-O {[%emt 0:00:02]} 8. h3 {[%emt 0:00:06]} a6 {[%emt 0:00:10]} 9. Nc3 {[%emt 0:00:04]} b5 {[%emt 0:00:03]} 10. Bb3 {[%emt 0:00:01]} Bb7 {[%emt 0:00:17]} 11. Bg5 {[%emt 0:00:10]} Nbd7 {[%emt 0:00:18]} 12. Re1 {[%emt 0:00:02]} Re8 {[%emt 0:00:08]} 13. Rxe8+ Qxe8 {[%emt 0:00:03]} 14. Qd3 {[%emt 0:00:43]} Qf8 {[%emt 0:00:15]} 15. Bxf6 {[%emt 0:00:27]} Nxf6 {[%emt 0:00:23]} 16. Ng5 {[%emt 0:00:05]} g6 {[%emt 0:02:04]} 17. Nxf7 {[%emt 0:00:12]} Kg7 {[%emt 0:00:01]} 18. Ng5 {[%emt 0:00:16]} Qe7 {[%emt 0:00:15]} 19. Ne6+ {[%emt 0:01:44]} Kh8 {[%emt 0:00:02]} 20. Re1 {[%emt 0:00:10]} Re8 {[%emt 0:00:07]} 21. Re3 {[%emt 0:00:21]} Qd7 {[%emt 0:02:03]} 22. d5 {[%emt 0:00:20]} c5 {[%emt 0:00:14]} 23. dxc6 {[%emt 0:00:37]} Qxc6 {[%emt 0:00:05]} 24. Bd5 {[%emt 0:00:17]} Qd7 {[%emt 0:00:31]} 25. Qd4 {[%emt 0:00:41]} Qf7 {[%emt 0:01:16]} 26. Ng5 {[%emt 0:00:27]} 1-0

[Event "Moscow Rapid-ch 2018"]
[Site "Moscow"]
[Date "2018.12.08"]
[Round "4"]
[White "Stukan, Martin"]
[Black "Reprintsev, Alexander"]
[Result "1-0"]
[WhiteElo "2142"]
[BlackElo "2371"]
[Annotator "NA"]
[PlyCount "55"]
[EventDate "2018.12.08"]
[EventType "swiss"]
[EventCountry "RUS"]
[SourceTitle "playchess.com"]
[Source "ChessBase"]
[SourceQuality "1"]
[TimeControl "900+10"]

1. e4 {[%emt 0:00:00]} d5 {[%emt 0:00:00]} 2. exd5 {[%emt 0:00:00]} Qxd5 {[%emt 0:00:00]} 3. Nc3 {[%emt 0:00:00]} Qa5 {[%emt 0:00:00]} 4. d4 {[%emt 0:00:00]} Nf6 {[%emt 0:00:00]} 5. Nf3 {[%emt 0:00:07]} Nc6 {[%emt 0:00:08]} 6. Bb5 {[%emt 0:01:27]} Ne4 {[%emt 0:00:21]} 7. Bxc6+ bxc6 {[%emt 0:00:02]} 8. O-O {[%emt 0:00:19]} Nxc3 9. bxc3 {[%emt 0:00:01]} Bf5 {[%emt 0:00:04]} 10. Nh4 {[%emt 0:01:38]} Be6 {[%emt 0:02:05]} 11. Qf3 {[%emt 0:01:26]} Bd5 {[%emt 0:03:27]} 12. Qg3 {[%emt 0:00:19]} e6 {[%emt 0:00:11]} 13. Bf4 {[%emt 0:00:03]} g5 {[%emt 0:04:56]} 14. Qxg5 {[%emt 0:03:15]} Be7 {[%emt 0:00:07]} 15. Qh5 {[%emt 0:00:05]} Qxc3 {[%emt 0:01:02]} 16. Bxc7 {[%emt 0:03:32]} Qxc2 {[%emt 0:01:11]} 17. Bg3 {[%emt 0:00:22]} Rg8 {[%emt 0:00:42]} 18. Rfe1 {[%emt 0:00:42]} Rg5 {[%emt 0:00:31]} 19. Qh6 {[%emt 0:00:45]} Kd7 {[%emt 0:00:47]} 20. Rab1 {[%emt 0:01:36]} c5 {[%emt 0:00:58]} 21. dxc5 {[%emt 0:01:10]} Rag8 {[%emt 0:00:06]} 22. c6+ Bxc6 {[%emt 0:00:40]} 23. Rbc1 {[%emt 0:01:02]} Qxa2 {[%emt 0:00:28]} 24. Qxh7 {[%emt 0:00:08]} R8g7 {[%emt 0:00:57]} 25. Qd3+ {[%emt 0:00:26]} Rd5 {[%emt 0:00:02]} 26. Qc3 {[%emt 0:00:04]} Bxh4 {[%emt 0:00:13]} 27. Qxc6+ {[%emt 0:00:03]} Ke7 {[%emt 0:00:06]} 28. Bxh4+ {[%emt 0:00:02]} 1-0

[Event "Moscow Rapid-ch 2018"]
[Site "Moscow"]
[Date "2018.12.08"]
[Round "4"]
[White "Vyrtosu, Natalia"]
[Black "Martynyuk, Elizaveta"]
[Result "0-1"]
[WhiteElo "1952"]
[BlackElo "2128"]
[Annotator "NA"]
[PlyCount "66"]
[EventDate "2018.12.08"]
[EventType "swiss"]
[EventCountry "RUS"]
[SourceTitle "playchess.com"]
[Source "ChessBase"]
[SourceQuality "1"]
[TimeControl "900+10"]

1. d4 d5 2. Bf4 Nf6 3. e3 c6 4. Nf3 Qb6 5. Qc1 Bf5 6. c4 dxc4 7. Bxc4 e6 8. O-O Be7 9. Nc3 O-O 10. Nh4 Bg6 11. Nxg6 hxg6 12. Qc2 Nbd7 13. Na4 Qa5 14. Nc3 Rac8 15. a3 c5 16. d5 Nb6 17. dxe6 Nxc4 18. exf7+ Rxf7 19. b3 Nd6 20. Bxd6 Bxd6 21. Ne4 Be5 22. Ra2 Nxe4 23. Qxe4 Qc7 24. f4 Bf6 25. Qxg6 Re7 26. e4 Bd4+ 27. Kh1 Rf8 28. g3 Rf6 29. Qh5 Rxe4 30. Qd5+ Ree6 31. Re1 Qc6 32. Qxc6 Rxe1+ 33. Kg2 Rxc6 0-1

[Event "Moscow Rapid-ch 2018"]
[Site "Moscow"]
[Date "2018.12.08"]
[Round "5"]
[White "Kosteniuk, Alexandra"]
[Black "Gareyev, Timur"]
[Result "1-0"]
[WhiteElo "2537"]
[BlackElo "2569"]
[Annotator "TA"]
[PlyCount "61"]
[EventDate "2018.12.08"]
[EventType "swiss"]
[EventCountry "RUS"]
[SourceTitle "playchess.com"]
[Source "ChessBase"]
[SourceQuality "1"]

{[%evp 18,61,29,0,0,-6,25,0,17,12,24,8,30,0,22,23,104,95,96,93,98,89,80,85,119,119,137,139,255,249,243,229,654,617,570,514,1034,1040,1031,983,2450,2994,2837,2564,29977,29978]} 1. e4 Nf6 2. e5 Nd5 3. d4 d6 4. Nf3 g6 5. Bc4 c6 6. O-O Bg7 7. h3 O-O 8. Bb3 dxe5 {B04: Alekhine's Defence: 4 Nf3} 9. dxe5 Na6 10. c3 {LiveBook: 3 Games} Nc5 $146 {The position is equal.} ({Predecessor:} 10... Bf5 11. Qd4 f6 12. Re1 Kh8 13. Na3 Nb6 14. Qh4 Nc5 15. Bh6 Nxb3 16. axb3 {1-0 (31) Bruzon Batista,L (2717)-Soppe,G (2417) Mar del Plata 2012}) 11. Bc2 a5 12. Re1 b6 13. Qd4 Ba6 14. Nbd2 f5 15. Nf1 e6 16. a3 a4 (16... Nd3 $11 {remains equal.} 17. Bxd3 c5) 17. Bg5 $16 Qe8 18. c4 Nc7 19. Qh4 Rf7 20. Rad1 Qf8 21. Rd6 $36 {[%mdl 2048] White has strong initiative.} h6 22. Be3 g5 {[#]} (22... Qe7 $16 {might work better.}) 23. Bxg5 $1 $18 hxg5 24. Nxg5 {[%csl Gg5][%cal Rh4h7]} Bh6 $2 (24... Bxe5 25. Nxf7 (25. Rxe5 Qxd6 26. Nxf7 Kxf7 $15) 25... Bxd6 26. Nh6+ Kg7) 25. Nxf7 Kxf7 26. Bxf5 Kg7 (26... Qg7 $142 27. Rxc6 Rc8 28. Rxb6 Qg5) 27. Ng3 Ne8 28. Rxc6 Rb8 29. Bxe6 Bb7 30. Rxb6 Bc8 31. Nf5+ {[%mdl 64] Double Attack. Accuracy: White = 69%, Black = 18%.} 1-0

[Event "Moscow Rapid-ch 2018"]
[Site "Moscow"]
[Date "2018.12.08"]
[Round "5"]
[White "Golubov, Saveliy"]
[Black "Sychev, Klementy"]
[Result "1/2-1/2"]
[WhiteElo "2482"]
[BlackElo "2537"]
[Annotator "TA"]
[PlyCount "30"]
[EventDate "2018.12.08"]
[EventType "swiss"]
[EventCountry "RUS"]
[SourceTitle "playchess.com"]
[Source "ChessBase"]
[SourceQuality "1"]

{[%evp 15,17,-3,0,-60]} 1. d4 Nf6 2. Nf3 e6 3. Bf4 d5 4. e3 Bd6 5. Bxd6 Qxd6 6. Nbd2 c5 {D02: 1 d4 d5 2 Nf3 sidelines, including 2...Nf6 3 g3 and 2...Nf6 3 Bf4} 7. c3 O-O 8. Bd3 Nbd7 {LiveBook: 9 Games} 9. e4 (9. O-O $11) (9. O-O e5 10. dxe5 Nxe5 11. Nxe5 Qxe5 12. h3 b6 13. Nf3 Qe7 14. Qe2 Bb7 15. Ba6 Rad8 16. Bxb7 Qxb7 17. a4 Rfe8 18. Qd3 Qc6 19. Rfd1 h6 20. a5 {0-1 (44) Golubov,S (2501)-Sychev,K (2498) Moscow 2017}) {Predecessor:} 9... cxd4 $146 10. cxd4 dxe4 11. Nxe4 Nxe4 12. Bxe4 Qb4+ 13. Qd2 Qxd2+ 14. Nxd2 Nf6 15. Bf3 Bd7 {0-1 (54) Lopez,J (2316)-Gozzoli,Y (2565) chess.com INT 2018} 1/2-1/2

[Event "Moscow Rapid-ch 2018"]
[Site "Moscow"]
[Date "2018.12.08"]
[Round "5"]
[White "Shinkevich, Vitaly"]
[Black "Stukan, Martin"]
[Result "1-0"]
[WhiteElo "2439"]
[BlackElo "2142"]
[Annotator "TA"]
[PlyCount "159"]
[EventDate "2018.12.08"]
[EventType "swiss"]
[EventCountry "RUS"]
[SourceTitle "playchess.com"]
[Source "ChessBase"]
[SourceQuality "1"]

{[%evp 23,159,18,94,41,42,3,42,43,49,32,50,44,46,45,61,20,13,8,19,19,24,0,0,0,59,31,14,13,15,8,24,0,0,0,0,0,31,15,34,27,49,28,75,97,89,77,94,84,80,62,346,330,333,332,334,315,330,285,329,289,304,339,335,335,324,324,322,322,283,266,268,219,395,216,507,1020,960,970,990,1004,1150,777,1282,1256,995,309,461,286,937,291,1127,1045,2504,4817,2553,11,11,0,1475,666,29965,29967,29962,29964,29959,29960,3625,6410,12842,10213,29968,29969,29985,2040,29973,4031,29974,29975,29978,29976,29975,29977,29975,29978,29978,29978,29980,29981,29981,29982,29982,29982,29982,29983,29983,29984,29984,29984]} 1. d4 Nf6 2. Nf3 g6 3. c4 Bg7 4. g3 O-O 5. Bg2 d6 6. Nc3 c5 7. d5 e6 8. O-O exd5 9. cxd5 Re8 10. Bf4 a6 11. a4 Nh5 12. Bg5 {A62: Modern Benoni: Fianchetto Variation without early ...Nbd7} Bf6 {LiveBook: 8 Games} (12... Qc7 $11 {keeps the balance.}) (12... Qc7 13. Qd2 Nd7 14. Rfc1 b6 15. Rab1 Ndf6 16. Nh4 Ng4 17. h3 Ne5 18. b3 f6 19. Be3 f5 {0-1 (45) Jumabayev,R (2611)-Zhigalko,S (2671) Doha 2016}) 13. Bd2 (13. Bxf6 $1 $16 Nxf6 14. Nd2) 13... Nd7 $14 14. e4 $146 {White is slightly better.} ({Predecessor:} 14. Re1 Nb6 15. h3 Nc4 16. Bc1 Qa5 17. g4 Ng7 18. Qc2 Bxc3 19. bxc3 Bd7 {1-0 (51) Shapiro,D (2296)-Friedman,J (2207) Philadelphia 2006}) 14... Bg7 15. Re1 Rb8 16. Rb1 b5 17. axb5 axb5 18. b4 $1 c4 19. Ra1 (19. Bg5 $5 {[%cal Rg5d8]} Qc7 20. Qd2 $11) 19... Ne5 20. Nxe5 Bxe5 21. Ra5 Bd7 22. Qc2 f5 23. Qc1 Ra8 (23... Qf6 $11) 24. Rxa8 Qxa8 25. exf5 gxf5 26. Bh6 Bf6 27. Bf3 (27. Rd1 {feels hotter.} Ng7 28. Bf3 Qa7 29. Rd2 Ra8 30. Ra2) 27... Rxe1+ 28. Qxe1 Ng7 29. Qc1 Qe8 30. Bf4 Be5 31. Ne2 Qa8 32. Kg2 (32. Qe3 $5 {[%cal Rf4e5]}) 32... Qa1 33. Qxa1 {[%mdl 64] Overworked Piece} Bxa1 34. Bxd6 Ne8 35. Bc5 Nf6 36. Kf1 Ne4 $2 {[%mdl 8192]} (36... Ng4 $14) 37. Bxe4 $1 $18 fxe4 38. Bd4 Bxd4 39. Nxd4 {[%mdl 4096] Endgame KB-KN} Kf7 40. Ke2 Kf6 41. Ke3 $1 Ke5 42. Ne2 Kxd5 43. Nc3+ {[%mdl 64] Double Attack} Ke5 44. Nxe4 Bc6 45. Nc3 Kf5 46. h3 {[%cal Bh2h3,Bh3h4][%mdl 32]} h5 47. Kd4 Bd7 $2 (47... Ke6 {keeps fighting.} 48. f4 Kf5) 48. Nd5 (48. Kd5 $142 Be8 49. Kd6) 48... Kg6 $2 (48... Be6 {was called for.} 49. Ne3+ Kf6) 49. Ke5 Kf7 50. h4 Bc6 51. Nc3 Kg6 52. Kf4 Kf6 53. f3 {[%cal Bf2f3,Bf3g4,Bg4g5][%mdl 32]} Kg6 54. Ke5 $2 (54. g4 hxg4 55. fxg4) 54... Kf7 (54... Bxf3 $142 55. Nxb5 Bh1) 55. Kf5 Kg7 $2 (55... Bxf3 56. Nxb5 Bg4+ 57. Ke5 Be6) 56. Kg5 $2 (56. f4 Bd7+ 57. Kg5) 56... Be8 $2 (56... Bxf3 57. Nxb5 Kf8) 57. g4 hxg4 58. fxg4 Bc6 59. Ne2 $2 (59. Kf4 $18 {Hoping for g5.} Kh7 60. Kg5) 59... Bf3 $11 60. Nc3 $2 {[%mdl 8192]} (60. Nd4 $11 c3 61. Kf4) 60... Bc6 $18 61. Kf4 (61. h5 $142 Bd7 62. Ne4) 61... Kf6 62. h5 Kf7 63. g5 Kg7 64. Ne2 Be8 65. Ng3 Bd7 66. Ne4 Bc6 67. Nf6 Bb7 68. Ke3 (68. h6+ $142 Kg6 69. h7 Kg7 70. g6 $1 {[%mdl 512]} c3 71. Ne8+ Kh8 72. Nd6 {[%mdl 64] Double Attack} Kg7 73. Nf7) 68... Bc6 69. Ng4 (69. h6+ $142 Kg6 70. Kd4 Bb7 71. h7 Kg7 {[#]} 72. g6 $1 {[%mdl 512]} Bf3 73. Ne8+ Kh8 74. Nd6) 69... Be8 70. h6+ {White mates.} Kg6 71. Ne5+ Kh7 72. Kd4 Bh5 {[#]} 73. Nxc4 $1 {[%mdl 512]} bxc4 {KB-K3P} 74. b5 {[%cal Bb4b5,Bb5b6][%mdl 32]} Bf3 75. Kxc4 Kg6 76. b6 Be4 77. Kd4 Bf3 78. Ke5 Bb7 79. Kd6 Be4 80. Kc7 {Accuracy: White = 57%, Black = 30%.} 1-0

[Event "Moscow Rapid-ch 2018"]
[Site "Moscow"]
[Date "2018.12.08"]
[Round "5"]
[White "Naumkin, Igor"]
[Black "Yeletsky, Ivan"]
[Result "0-1"]
[WhiteElo "2410"]
[BlackElo "2406"]
[Annotator "TA"]
[PlyCount "58"]
[EventDate "2018.12.08"]
[EventType "swiss"]
[EventCountry "RUS"]
[SourceTitle "playchess.com"]
[Source "ChessBase"]
[SourceQuality "1"]

{[%evp 29,58,27,38,29,72,34,40,2,11,-6,-4,-8,0,-2,0,0,0,0,0,0,0,0,0,0,18,12,64,66,79,77,89]} 1. d4 Nf6 2. c4 e6 3. Nf3 Bb4+ 4. Bd2 Qe7 5. g3 b6 6. Bg2 Bb7 7. O-O Bxd2 8. Qxd2 O-O 9. Nc3 Ne4 10. Nxe4 Bxe4 11. Qf4 d5 12. cxd5 exd5 13. Rac1 {E16: Queen's Indian: 4 g3 Bb7 5 Bg2 Bb4+} c5 14. dxc5 bxc5 15. Qe5 Qd8 $1 {LiveBook: 5 Games} 16. Rfd1 Qb6 17. b3 $146 ({Predecessor:} 17. Qc3 Na6 18. Ne5 Bxg2 19. Kxg2 Rad8 20. Nd3 Rfe8 {1-0 (29) Ogaard,L (2430)-Ingbrandt,J (2365) Oslo 1986}) 17... Nd7 18. Qf4 Rae8 19. Bh3 Nf6 20. Nd2 Bg6 21. e3 Bh5 22. g4 $36 {[%mdl 2048] White has some pressure.} Nxg4 23. Bxg4 Qg6 24. Rxc5 {Hoping for f3.} Bxg4 25. Rdc1 Be2+ 26. Kh1 $1 Qa6 27. Qd4 Bh5 (27... Rd8 $11) 28. Rxd5 Bg6 29. a4 Qe2 {[%mdl 32768] Accuracy: White = 74%, Black = 59%. . Loss on time!?} 0-1